00871nam a22002417a 4500001001000000003000500010005001700015008004100032010001000073011001000083020001500093035001100108040000900119082001300128111019800141245010600339260004400445300003200489650002700521700002800548700002400576700002900600000099052CHAP20220329143347.0081218s2001 uk a r 00010 eng d a95517 a96489 a063205879X a107143 cCHAP00a5772E192 aEcology : achievement and challengecOrlando, Florida, USAdheld at 10-13 April 2000nthe 41st Symposium of the British Ecological Society jointly sponsored by the Ecological Society of America10aEcology : achievement and challenge /c/edited by Malcolm C. Press, Nancy J. Huntly, and Simon Levin. aOxford, UK :bBlackwell Science,c2001. axi, 406 p. :bilus., mapas.04aEcologíaxCongresos.1 aHuntly, Nancy J.e, ed.1 aLevin, Simone, ed.1 aPress, Malcolm C.e, ed.